000
00305nam a22001217a 4500
005
20251007152509.0
008
251007b |||||||| |||| 00| 0 eng d
040
_c
PK-LaNCA
082
_a
690.83
_b
LIV
245
_a
Living plans: new concepts for advanced housing
650
_a
Architecture
942
_c
BK
999
_c
66820
_d
66820